Permaisuri

Bibliographic Details
Main Author: A.Ghani Abdullah
Other Authors: Mali Jaafar (Illustrator)
Format: Book
Published: Kuala Lumpur : Creative Enterprise , 1995
Series:Novel creative
Subjects:

MARC

LEADER 00000cam a2200000 7i4500
001 0000009702
002 000010567
005 20000330.0
020 |a 9838932345 
090 0 0 |a F   |b AGH 
100 0 |a A.Ghani Abdullah 
245 1 0 |a Permaisuri   |c A.Ghani Abdullah 
260 |a Kuala Lumpur :   |b Creative Enterprise ,   |c 1995 
300 |a 180p. ;   |c 18cm. 
490 0 |a Novel creative 
650 0 0 |a Love stories 
700 0 |a Mali Jaafar ,   |e ill 
999 |a 043398   |b BUKU   |c PINJAMAN   |e PERPUSTAKAAN KOMUNITI PETALING JAYA 
999 |a 044648   |b BUKU   |c PINJAMAN   |e PERPUSTAKAAN KOMUNITI CAW KOTA DAMANSARA